[Event "N�-LL 2005/06"]
[Site "?"]
[Date "2005.12.18"]
[Round "8"]
[White "Penz, Harald"]
[Black "Lehner, Oliver"]
[Result "0-1"]
[WhiteElo "2283"]
[BlackElo "2415"]
[Annotator "St.P�lten : Mauerbach"]
[PlyCount "144"]
[EventDate "2005.09.27"]
[SourceDate "2005.12.22"]

1. e4 c5 2. Nf3 d6 3. c3 Nf6 4. Be2 Nbd7 5. d3 b6 6. O-O Bb7 7. Re1 g6 8. h3
Bg7 9. Bf4 O-O 10. Nbd2 Re8 11. a4 e5 12. Bg5 h6 13. Bxf6 Qxf6 14. c4 Nb8 15.
Nf1 Nc6 16. Ne3 Nb4 17. Nc2 Nc6 18. Ne3 h5 19. Nd5 Qd8 20. Qd2 Na5 21. Rab1
Bxd5 22. cxd5 Rb8 23. b4 cxb4 24. Qxb4 Bh6 25. d4 Qf6 26. Bb5 Red8 27. dxe5
dxe5 28. Qb2 Bg7 29. Rbc1 Qd6 30. Nd2 Bh6 31. Rc2 Bxd2 32. Rxd2 Rbc8 33. Rc2
Rxc2 34. Qxc2 Nb7 35. Rc1 Nc5 36. a5 Rf8 37. axb6 axb6 38. Bc6 Rb8 39. f3 Qf6
40. Rd1 h4 41. Qa2 Kg7 42. Qa7 Qd6 43. Kh2 b5 44. Rb1 b4 45. Qa5 Nd3 46. Qa6
Nf4 47. Rb3 Qc5 48. Qa1 f6 49. Qa2 Rb6 50. Qd2 Qd4 51. Qxd4 exd4 52. g3 Ne2 53.
gxh4 Nc3 54. Bd7 d3 55. Bg4 d2 56. f4 f5 57. exf5 gxf5 58. Bf3 d1=Q 59. Bxd1
Nxd1 60. d6 Rxd6 61. Rxb4 Rd2+ 62. Kg3 Rd3+ 63. Kh2 Nc3 64. Rb7+ Kg6 65. Rb6+
Kh5 66. Rf6 Rd2+ 67. Kg1 Kxh4 68. Rxf5 Kg3 69. Rg5+ Kf3 70. h4 Ne2+ 71. Kh2
Ng3+ 72. Kh3 Nf1 0-1

[Event "N�-LL 2005/06"]
[Site "?"]
[Date "2005.12.18"]
[Round "8"]
[White "Bechmann, Gerhard"]
[Black "Denk, Adolf"]
[Result "1/2-1/2"]
[WhiteElo "2040"]
[BlackElo "2255"]
[Annotator "St.P�lten : Mauerbach"]
[PlyCount "81"]
[EventDate "2005.09.27"]
[SourceDate "2005.12.22"]

1. e4 c5 2. Nf3 d6 3. d4 cxd4 4. Nxd4 Nf6 5. Nc3 a6 6. a4 e6 7. Be3 Qc7 8. Bd3
b6 9. f3 Be7 10. Qd2 Bb7 11. O-O Nbd7 12. Rfd1 O-O 13. Qf2 Ne5 14. Bf1 Rac8 15.
Be2 Rfe8 16. Nb3 Nfd7 17. Rd2 Nc5 18. Rad1 Qb8 19. Qf1 Qa8 20. Rxd6 Bxd6 21.
Rxd6 Nxb3 22. cxb3 b5 23. axb5 axb5 24. Bxb5 Red8 25. Rd1 Rxd1 26. Qxd1 Rd8 27.
Qe2 Qa5 28. Bc5 Nc6 29. Ba3 Nd4 30. Qc4 Nxb5 31. Qxb5 Qxb5 32. Nxb5 Rd3 33. Nc3
f6 34. b4 Kf7 35. b5 Ke8 36. Na4 Bc8 37. Nc5 Rd6 38. Na4 Rd4 39. Nc5 Rd6 40.
Na4 Rd4 41. Nc5 1/2-1/2

[Event "N�-LL 2005/06"]
[Site "?"]
[Date "2005.12.18"]
[Round "8"]
[White "Ganaus, Hannes"]
[Black "Weissenbeck, Manuel"]
[Result "1-0"]
[WhiteElo "2368"]
[BlackElo "2248"]
[Annotator "St.P�lten : Mauerbach"]
[PlyCount "21"]
[EventDate "2005.09.27"]
[SourceDate "2005.12.22"]

1. g3 e5 2. c4 Nf6 3. Bg2 Bc5 4. Nc3 O-O 5. e3 Re8 6. Nge2 Nc6 7. a3 a5 8. O-O
d6 9. d3 Bg4 10. h3 Be6 11. d4 1-0

[Event "N�-LL 2005/06"]
[Site "?"]
[Date "2005.12.18"]
[Round "8"]
[White "R�hrl, Karl"]
[Black "Weiss, Matth�us"]
[Result "1/2-1/2"]
[WhiteElo "2223"]
[BlackElo "1972"]
[Annotator "St.P�lten : Mauerbach"]
[PlyCount "50"]
[EventDate "2005.09.27"]
[SourceDate "2005.12.22"]

1. Nf3 d5 2. g3 Nf6 3. Bg2 c5 4. O-O Nc6 5. d3 e6 6. Nbd2 Be7 7. e4 Qc7 8. Re1
d4 9. c3 e5 10. c4 Bg4 11. h3 Bh5 12. g4 Bg6 13. Nh4 O-O 14. Nf1 h6 15. Ng3 Nh7
16. Nhf5 Bg5 17. h4 Bxc1 18. Qxc1 f6 19. Bf3 Rab8 20. Kh2 Nd8 21. Ne2 Ne6 22.
Kg2 a6 23. Qc2 Rfe8 24. Rec1 Bf7 25. b3 Nhf8 1/2-1/2

[Event "N�-LL 2005/06"]
[Site "?"]
[Date "2005.12.18"]
[Round "8"]
[White "Plachetka, Jan"]
[Black "Rumpl, Erwin"]
[Result "1-0"]
[WhiteElo "2422"]
[BlackElo "2290"]
[Annotator "Amstetten : Bad V�slau/Kottingbrunn"]
[PlyCount "113"]
[EventDate "2005.09.27"]
[SourceDate "2005.12.23"]

1. d4 d5 2. c4 e6 3. Nc3 c6 4. e3 f5 5. h3 Nf6 6. g4 g6 7. Nf3 Bd6 8. gxf5 exf5
9. Qb3 Qb6 10. Qxb6 axb6 11. cxd5 Nxd5 12. Nxd5 cxd5 13. Ne5 Nc6 14. f4 Nb4 15.
Bb5+ Ke7 16. Ke2 Bxe5 17. dxe5 Bd7 18. Bxd7 Kxd7 19. Bd2 Nc6 20. h4 Ke6 21. Bc3
Rhg8 22. a3 b5 23. Rag1 h5 24. Rg2 Kf7 25. Rhg1 Rae8 26. Kd3 Re6 27. Kc2 Rd8
28. Rd2 Re7 29. Kb3 Rdd7 30. Rgg2 Re6 31. Rd1 Ree7 32. Rgd2 Ke6 33. Bd4 Re8 34.
Rg2 Kf7 35. Rc2 Rc8 36. Bb6 Ne7 37. Rxc8 Nxc8 38. Bc5 b6 39. Bd4 Rc7 40. Bc3
Ke6 41. Rg1 Ne7 42. Bd4 Rc4 43. Bxb6 Kd7 44. Bd4 Ke6 45. Bc3 Kf7 46. Kc2 d4 47.
exd4 Nd5 48. e6+ Kf6 49. Re1 Rc7 50. Re5 Nxf4 51. d5 Ke7 52. Kb3 Kd6 53. Re1
Nd3 54. Rd1 Nc5+ 55. Ka2 Na6 56. Bd2 Kxd5 57. e7 1-0

[Event "N�-LL 2005/06"]
[Site "?"]
[Date "2005.12.18"]
[Round "8"]
[White "Wadsack, Wolfgang"]
[Black "Borosova, Zuzana"]
[Result "1-0"]
[WhiteElo "2219"]
[BlackElo "2222"]
[Annotator "Amstetten : Bad V�slau/Kottingbrunn"]
[PlyCount "107"]
[EventDate "2005.09.27"]
[SourceDate "2005.12.23"]

1. e4 e5 2. Nc3 Nc6 3. Nf3 Nf6 4. d4 exd4 5. Nxd4 Bb4 6. Nxc6 bxc6 7. Bd3 d5 8.
exd5 cxd5 9. O-O O-O 10. Bg5 c6 11. Qf3 Be7 12. Rae1 Be6 13. Nd1 h6 14. Bc1 Bg4
15. Qe3 Re8 16. Qd2 c5 17. Bb5 Bd7 18. Bxd7 Qxd7 19. Ne3 Rad8 20. Qd3 Bf8 21.
b3 d4 22. Nc4 Rxe1 23. Rxe1 Re8 24. Bd2 Rxe1+ 25. Bxe1 Qe6 26. Bd2 Nd5 27. h3
f5 28. a4 Be7 29. Qg3 Kh7 30. Qe5 Qxe5 31. Nxe5 Bd6 32. Nc6 a6 33. Kf1 Kg6 34.
Ke2 Kf6 35. Kd3 Ke6 36. b4 Nxb4+ 37. Bxb4 cxb4 38. Nxd4+ Kd5 39. Nxf5 Bf8 40.
Ng3 Kc5 41. Ne4+ Kd5 42. f4 Be7 43. g4 g6 44. f5 gxf5 45. gxf5 Ke5 46. f6 Bf8
47. f7 Be7 48. Nf2 Ke6 49. Kc4 Kxf7 50. Nd3 a5 51. Ne5+ Ke6 52. Nc6 Bf8 53.
Nxa5 Kd7 54. Kb5 1-0

[Event "N�-LL 2005/06"]
[Site "?"]
[Date "2005.12.18"]
[Round "8"]
[White "Brehovsky, Paul"]
[Black "Gugler, Edgar"]
[Result "1/2-1/2"]
[WhiteElo "2025"]
[BlackElo "2166"]
[Annotator "Amstetten : Bad V�slau/Kottingbrunn"]
[PlyCount "33"]
[EventDate "2005.09.27"]
[SourceDate "2005.12.23"]

1. a3 d5 2. e3 g6 3. Nf3 Bg7 4. d4 Bg4 5. c4 Bxf3 6. Qxf3 e6 7. Nc3 Nf6 8. Bd3
c6 9. O-O O-O 10. Rd1 Nbd7 11. Bd2 a6 12. Rac1 Rc8 13. b4 Qe7 14. h3 Rfe8 15.
cxd5 exd5 16. Na4 Ne4 17. Nc5 1/2-1/2

[Event "N�-LL 2005/06"]
[Site "?"]
[Date "2005.12.18"]
[Round "8"]
[White "Wadsack, Winfried"]
[Black "Zojer, Thomas"]
[Result "1-0"]
[WhiteElo "2119"]
[BlackElo "2044"]
[Annotator "Amstetten : Bad V�slau/Kottingbrunn"]
[PlyCount "85"]
[EventDate "2005.09.27"]
[SourceDate "2005.12.23"]

1. e4 c5 2. c3 Nf6 3. e5 Nd5 4. d4 cxd4 5. Nf3 Nc6 6. Bc4 Nb6 7. Bb3 e6 8. cxd4
Be7 9. O-O d6 10. Nc3 O-O 11. Bf4 dxe5 12. dxe5 Nd7 13. Qe2 Nc5 14. Bc2 b6 15.
Rfd1 Qe8 16. Rac1 Ba6 17. Qe3 Rd8 18. a3 Na5 19. Rxd8 Qxd8 20. Rd1 Qc8 21. Nd2
Nc4 22. Nxc4 Bxc4 23. b4 Bb3 24. Bxb3 Nxb3 25. Nd5 exd5 26. Qxb3 Qc4 27. Qxc4
dxc4 28. Rd7 Rd8 29. Rxd8+ Bxd8 30. Kf1 Kf8 31. Ke2 b5 32. Be3 a6 33. f4 Ke7
34. Kf3 a5 35. Ke4 axb4 36. axb4 Kd7 37. Kd5 Be7 38. Bd2 g6 39. Bc3 Bf8 40. g4
Be7 41. f5 gxf5 42. gxf5 Kc7 43. f6 1-0

[Event "N�-LL 2005/06"]
[Site "?"]
[Date "2005.12.18"]
[Round "8"]
[White "Schneider-Zinner, Harald"]
[Black "Trkulja, Zoran"]
[Result "1/2-1/2"]
[WhiteElo "2350"]
[BlackElo "2226"]
[Annotator "Korneuburg : Baden"]
[PlyCount "150"]
[EventDate "2005.09.27"]
[SourceDate "2005.12.23"]

1. d4 Nf6 2. Nf3 e6 3. c4 Bb4+ 4. Nbd2 O-O 5. a3 Bxd2+ 6. Qxd2 a5 7. e3 d6 8.
b3 Nbd7 9. Bb2 Ne4 10. Qc2 f5 11. Bd3 Ndf6 12. O-O Qe8 13. Nd2 Nxd2 14. Qxd2
Bd7 15. f3 Qh5 16. Bc3 b6 17. b4 axb4 18. axb4 Rfb8 19. b5 Qe8 20. Qb2 Rxa1 21.
Rxa1 Ra8 22. Ra3 Qb8 23. h3 Rxa3 24. Qxa3 Kf7 25. c5 Nd5 26. c6 Nxc3 27. cxd7
Nd5 28. Bxf5 exf5 29. Qa2 Ke6 30. e4 fxe4 31. fxe4 Kxd7 32. Qxd5 Ke7 33. Qg5+
Kf7 34. Qf5+ Kg8 35. Qe6+ Kf8 36. Qf5+ Kg8 37. Qd7 Qa8 38. Kh2 Qxe4 39. Qd8+
Kf7 40. Qxc7+ Ke6 41. Qxg7 Qf4+ 42. Kg1 Qc1+ 43. Kf2 Qf4+ 44. Ke2 Qe4+ 45. Kd2
Qf4+ 46. Kd3 Qf1+ 47. Ke3 Qe1+ 48. Kf3 Qf1+ 49. Kg3 Qe1+ 50. Kh2 Qe4 51. Qg8+
Ke7 52. Qc4 Qf4+ 53. Kh1 Kf6 54. Qd3 Ke6 55. d5+ Ke5 56. Qc3+ Kxd5 57. Qc6+ Ke5
58. Qxb6 Qf1+ 59. Kh2 Qf4+ 60. g3 Qd2+ 61. Kh1 Qd1+ 62. Kg2 Qe2+ 63. Qf2 Qxb5
64. Qf4+ Ke6 65. Qh6+ Kd5 66. Qd2+ Ke6 67. Qh6+ Kd5 68. Qh5+ Kc6 69. Qe8+ Kb6
70. Qe6 Qe5 71. Qxe5 dxe5 72. Kf3 Kc6 73. Ke4 Kd6 74. g4 h6 75. h4 Ke6 1/2-1/2

[Event "N�-LL 2005/06"]
[Site "?"]
[Date "2005.12.18"]
[Round "8"]
[White "Seidler, Dieter"]
[Black "Sulyok, Michael"]
[Result "0-1"]
[WhiteElo "1983"]
[BlackElo "2164"]
[Annotator "Korneuburg : Baden"]
[PlyCount "84"]
[EventDate "2005.09.27"]
[SourceDate "2005.12.23"]

1. d4 f5 2. g3 Nf6 3. Bg2 g6 4. Nc3 Bg7 5. e4 fxe4 6. Nxe4 Nxe4 7. Bxe4 Nc6 8.
c3 e5 9. d5 Ne7 10. d6 cxd6 11. Qxd6 Nf5 12. Qd5 d6 13. Qb5+ Qd7 14. Qxd7+ Kxd7
15. Bg5 Kc7 16. O-O-O h6 17. Bxf5 Bxf5 18. Be7 Bf8 19. Bf6 Rh7 20. g4 Bxg4 21.
f3 Be6 22. b3 b5 23. Bh4 Rf7 24. Bg3 a5 25. Kb2 Bg7 26. h4 Ra6 27. Rh2 Rc6 28.
Rf2 b4 29. c4 a4 30. Kb1 Bf5+ 31. Kc1 axb3 32. axb3 Ra6 33. Re2 h5 34. c5 Rc6
35. Bf2 dxc5 36. Rd5 c4 37. bxc4 Rxc4+ 38. Kd1 Rd7 39. Red2 Rxd5 40. Rxd5 Kc6
41. Rd8 Bf6 42. Re8 Kd7 0-1

[Event "N�-LL 2005/06"]
[Site "?"]
[Date "2005.12.18"]
[Round "8"]
[White "Herndlbauer, Martin"]
[Black "Stanivukovic, Drago"]
[Result "1-0"]
[WhiteElo "2044"]
[BlackElo "2080"]
[Annotator "Korneuburg : Baden"]
[PlyCount "55"]
[EventDate "2005.09.27"]
[SourceDate "2005.12.23"]

1. e4 c5 2. Nf3 d6 3. d4 cxd4 4. Nxd4 Nf6 5. Nc3 a6 6. Be3 b5 7. f3 e5 8. Nb3
Bb7 9. Qd2 Nbd7 10. O-O-O Rc8 11. g4 h6 12. Rg1 g5 13. h4 gxh4 14. g5 hxg5 15.
Bxg5 Qc7 16. Bh3 Nh5 17. Kb1 Nf4 18. Bxf4 exf4 19. Nd4 Rb8 20. Bxd7+ Qxd7 21.
Nf5 Qe6 22. Qd4 Rh5 23. Qa7 Qc8 24. Rg8 Rxf5 25. exf5 Ra8 26. Qd4 Kd7 27. Nd5
Bxd5 28. Qxd5 1-0

[Event "N�-LL 2005/06"]
[Site "?"]
[Date "2005.12.18"]
[Round "8"]
[White "Hirsch, Andreas"]
[Black "Geismann, Bernhard"]
[Result "1/2-1/2"]
[WhiteElo "2003"]
[BlackElo "2027"]
[Annotator "Korneuburg : Baden"]
[PlyCount "50"]
[EventDate "2005.09.27"]
[SourceDate "2005.12.23"]

1. e4 e5 2. Nf3 Nc6 3. d4 exd4 4. Nxd4 Qh4 5. Be3 Bc5 6. Nc3 Nxd4 7. Bxd4 Bxd4
8. Qxd4 Qf6 9. e5 Qb6 10. Qxb6 axb6 11. Nd5 Kd8 12. Bc4 b5 13. Bb3 Ne7 14.
O-O-O Ng6 15. f4 c6 16. Nb6 Ra6 17. Nxc8 Kxc8 18. g3 f6 19. exf6 gxf6 20. Rhe1
d5 21. h4 h5 22. Re6 Rf8 23. Rde1 Kd7 24. c3 Ne5 25. R6xe5 fxe5 1/2-1/2

[Event "N�-LL 2005/06"]
[Site "?"]
[Date "2005.12.18"]
[Round "8"]
[White "Szakolczai, Peter"]
[Black "Volkmann, Friedrich"]
[Result "0-1"]
[WhiteElo "2278"]
[BlackElo "2416"]
[Annotator "Wr.Neustadt : Ybbs"]
[PlyCount "86"]
[EventDate "2005.12.18"]
[SourceDate "2005.12.18"]
[WhiteTeam " "]
[BlackTeam " "]

1. e4 e5 2. Nf3 Nf6 3. Nxe5 Nxe4 4. Qe2 Qe7 5. Qxe4 d6 6. d4 dxe5 7. dxe5 Nc6
8. Bb5 Bd7 9. Nc3 O-O-O 10. Bf4 Qb4 11. O-O-O Qxe4 12. Nxe4 Nxe5 13. Bxd7+ Nxd7
14. Rhe1 Bb4 15. c3 Be7 16. Ng5 Bxg5 17. Bxg5 Rde8 18. Kc2 Nc5 19. Be3 Ne6 20.
b3 Rd8 21. Rxd8+ Rxd8 22. Rd1 Rxd1 23. Kxd1 f5 24. Ke2 Kd7 25. Kd3 a6 26. f3
Kd6 27. c4 Ke5 28. g3 f4 29. Bf2 fxg3 30. hxg3 h5 31. b4 b5 32. cxb5 axb5 33.
Be1 Kd5 34. Bd2 g5 35. Be1 Nd4 36. f4 gxf4 37. gxf4 Nf5 38. Bf2 h4 39. Bg1 h3
40. Bh2 c6 41. Bg1 Ng3 42. f5 Nxf5 43. Bh2 Nh6 0-1

[Event "N�-LL 2005/06"]
[Site "?"]
[Date "2005.12.18"]
[Round "8"]
[White "Schroll, Gerhard"]
[Black "Koller, Hubert"]
[Result "1-0"]
[WhiteElo "2341"]
[BlackElo "2078"]
[Annotator "Wr.Neustadt : Ybbs"]
[PlyCount "135"]
[EventDate "2005.12.18"]
[SourceDate "2005.12.18"]

1. c4 Nf6 2. d4 d6 3. Nf3 Bf5 4. Nc3 Nbd7 5. g3 c6 6. Bg2 e5 7. O-O Be7 8. b3
O-O 9. h3 Ne4 10. Nxe4 Bxe4 11. Bb2 Qc7 12. Qd2 Rad8 13. Qe3 f5 14. Rfd1 Rfe8
15. Ng5 Bxg5 16. Qxg5 h6 17. Qe3 Bxg2 18. Kxg2 f4 19. gxf4 exf4 20. Qf3 Rf8 21.
d5 c5 22. Rg1 Rde8 23. Kh2 Ne5 24. Bxe5 Rxe5 25. Rg6 Qe7 26. Rag1 Rf6 27. Rxg7+
Qxg7 28. Rxg7+ Kxg7 29. Kg2 Rg5+ 30. Kf1 Rfg6 31. Ke1 Rf6 32. Kd2 Rg1 33. Qe4
Ra1 34. Qe7+ Kg6 35. h4 Rxa2+ 36. Kd3 h5 37. Qe8+ Kg7 38. f3 Ra1 39. Qd7+ Kg6
40. Qc8 Kg7 41. Qxb7+ Kg6 42. Qb8 Kg7 43. Qc7+ Kg6 44. Qd8 Kg7 45. Qe7+ Kg6 46.
Qe8+ Kg7 47. Qxh5 Rg1 48. e4 fxe3 49. Kxe3 a5 50. f4 Rg3+ 51. Ke4 Rxb3 52. Qg4+
Rg6 53. Qd7+ Kh6 54. Qc8 Kg7 55. h5 Rf6 56. Qd7+ Kf8 57. Qd8+ Kf7 58. Qxa5 Rb7
59. f5 Re7+ 60. Kf4 Re5 61. Qa7+ Re7 62. Qb8 Re1 63. Qb7+ Re7 64. Qb1 Re5 65.
Kg5 Re8 66. h6 Rg8+ 67. Kh5 Rh8 68. Qb7+ 1-0

.
Kg5 Re8 66. h6 Rg8+ 67. Kh5 Rh8 68. Qb7+ 1-0

[Event "N�-LL 2005/06"]
[Site "?"]
[Date "2005.12.18"]
[Round "8"]
[White "Posch, Roland"]
[Black "Wiedner, Robert"]
[Result "0-1"]
[WhiteElo "2066"]
[BlackElo "2172"]
[Annotator "Wr.Neustadt : Ybbs"]
[PlyCount "76"]
[EventDate "2005.12.18"]
[SourceDate "2005.12.18"]

1. e4 c5 2. Nf3 d6 3. c3 g6 4. Be2 Bg7 5. O-O Nf6 6. d3 Nc6 7. Re1 O-O 8. Nbd2
Qc7 9. Nf1 d5 10. Ng3 Rd8 11. Qc2 e5 12. Bd2 h6 13. Rad1 Be6 14. Qb1 d4 15. c4
a6 16. Qc1 Kh7 17. Nh4 Ng8 18. Rf1 Qe7 19. Nf3 b5 20. b3 b4 21. Ne1 a5 22. f4
exf4 23. Bxf4 a4 24. Nc2 axb3 25. axb3 Ra2 26. Qb1 Rda8 27. Rf2 Be5 28. Rdf1
Bxf4 29. Rxf4 Ne5 30. R4f2 Qg5 31. Rd1 Nf6 32. Nf1 Kg7 33. Kh1 Qh4 34. g3 Qh3
35. Nd2 Nfg4 36. Rg2 Rxc2 37. Bxg4 Nxg4 38. Qxc2 Ne3 0-1

 Qxc2 Ne3 0-1

[Event "N�-LL 2005/06"]
[Site "?"]
[Date "2005.12.18"]
[Round "8"]
[White "Todor, Razvan"]
[Black "Hacker, Peter"]
[Result "1/2-1/2"]
[WhiteElo "2153"]
[BlackElo "2078"]
[Annotator "Wr.Neustadt : Ybbs"]
[PlyCount "67"]
[EventDate "2005.12.18"]
[SourceDate "2005.12.18"]

1. c4 Nc6 2. g3 e5 3. Bg2 f5 4. d3 Nf6 5. Nc3 g6 6. e4 d6 7. Nge2 Bg7 8. h3 O-O
9. O-O Be6 10. Nd5 Qd7 11. Kh2 Nd8 12. Be3 c6 13. Nxf6+ Bxf6 14. Qc2 d5 15.
Rad1 fxe4 16. dxe4 d4 17. f4 c5 18. f5 Bf7 19. Bh6 Bg7 20. Bxg7 Kxg7 21. Nc1
Nc6 22. Nd3 Qd6 23. a3 a5 24. Qa4 b6 25. Rd2 Be8 26. Qb3 Qd8 27. Rdf2 Ra7 28.
h4 Raf7 29. Bh3 Qc7 30. Qd1 Qd6 31. Qd2 Bd7 32. g4 gxf5 33. gxf5 Qf6 34. Qg5+
1/2-1/2

Qg5+
1/2-1/2

[Event "N�-LL 2005/06"]
[Site "?"]
[Date "2006.01.22"]
[Round "9"]
[White "Degen, Gerhard"]
[Black "Koller, Hubert"]
[Result "0-1"]
[WhiteElo "2117"]
[BlackElo "2078"]
[Annotator "Ybbs : Ternitz/Gloggnitz"]
[PlyCount "100"]
[EventDate "2005.09.27"]
[SourceDate "2006.01.24"]

1. d4 g6 2. e4 Bg7 3. Nf3 c6 4. Bd3 d5 5. e5 Nh6 6. h3 O-O 7. O-O Na6 8. c3 Nc7
9. Nbd2 Bf5 10. Nb3 b6 11. Nh4 Bxd3 12. Qxd3 e6 13. Nf3 Nf5 14. g4 Nh4 15. g5
Nf5 16. Nh2 h5 17. gxh6 Bxh6 18. Ng4 Qh4 19. Bxh6 Nxh6 20. Nf6+ Kg7 21. Qg3 Nf5
22. Qxh4 Nxh4 23. Rad1 Ne8 24. Ng4 Rh8 25. Rd3 Rh5 26. Nc1 Rc8 27. Ne2 c5 28.
f4 Nf5 29. Ng3 Nxg3 30. Rxg3 b5 31. Ne3 Kf8 32. Kh2 Ke7 33. a4 Rb8 34. axb5
Rxb5 35. Rg2 Ng7 36. Ra1 a5 37. Ra2 Rh8 38. Rg1 Nh5 39. Rf1 Rhb8 40. Nd1 Ng7
41. Rf2 Nf5 42. Kg2 Ra8 43. Kf3 a4 44. Kg4 Rba5 45. Ra3 Rh8 46. Rh2 Rh4+ 47.
Kf3 Rh8 48. Kg2 Rb8 49. Kf3 Rb3 50. Rc2 Nxd4+ 0-1

[Event "N�-LL 2005/06"]
[Site "?"]
[Date "2006.01.22"]
[Round "9"]
[White "Posch"]
[Black "Braun, Karl Heinz"]
[Result "1/2-1/2"]
[WhiteElo "2066"]
[BlackElo "2103"]
[Annotator "Ybbs : Ternitz/Gloggnitz"]
[PlyCount "145"]
[EventDate "2005.09.27"]
[SourceDate "2006.01.24"]

1. e4 c5 2. Nf3 Nc6 3. c3 d5 4. exd5 Qxd5 5. d4 Bg4 6. Be2 cxd4 7. cxd4 e5 8.
Nc3 Bb4 9. O-O Qa5 10. dxe5 Nge7 11. Bd2 Rd8 12. a3 Bxc3 13. bxc3 O-O 14. Nd4
Bxe2 15. Qxe2 Nxe5 16. Bg5 Rfe8 17. Rfe1 f6 18. Bd2 Qd5 19. Bf4 N7g6 20. Bg3
Re7 21. Nf5 Red7 22. Nd4 a6 23. f4 Nc4 24. Qg4 Qc5 25. Bf2 Qd5 26. Ne6 f5 27.
Qh5 Re8 28. Ng5 Rxe1+ 29. Rxe1 Nf8 30. Bd4 h6 31. Nf3 Qf7 32. Qxf7+ Kxf7 33.
Ne5+ Nxe5 34. Rxe5 g6 35. Kf2 Ne6 36. Ke3 Nd8 37. Rc5 Nc6 38. g3 Ke6 39. Kd3
Rd6 40. a4 b6 41. Rc4 b5 42. axb5 axb5 43. Rc5 b4 44. Kc4 bxc3 45. Bxc3 Kd7 46.
Rd5 Ke6 47. Rxd6+ Kxd6 48. Bg7 h5 49. Bf8+ Ke6 50. Kc5 Nb8 51. Bg7 Na6+ 52. Kd4
Nb4 53. Ke3 Kd5 54. h3 Kc4 55. Kf3 Kd3 56. g4 hxg4+ 57. hxg4 Nd5 58. gxf5 gxf5
59. Be5 Ne7 60. Bd6 Nc6 61. Be5 Nd4+ 62. Bxd4 Kxd4 63. Kf2 Ke4 64. Ke2 Kxf4 65.
Kf2 Ke4 66. Ke2 f4 67. Kf2 f3 68. Kf1 Kf4 69. Kf2 Kg4 70. Kf1 Kf4 71. Kf2 Kg4
72. Kf1 Kg3 73. Kg1 1/2-1/2

[Event "N�-LL 2005/06"]
[Site "?"]
[Date "2006.01.22"]
[Round "9"]
[White "Trukulja, Zoran"]
[Black "Plachetka, Jan"]
[Result "1/2-1/2"]
[WhiteElo "2226"]
[BlackElo "2422"]
[Annotator "Bad V�slau/Kottingbrunn : Korneuburg"]
[PlyCount "44"]
[EventDate "2005.09.27"]
[SourceDate "2006.01.26"]

1. e4 c5 2. Nf3 d6 3. d4 cxd4 4. Nxd4 Nf6 5. Nc3 Nc6 6. f4 g6 7. Nf3 Bg7 8. Bd3
Qb6 9. Qe2 O-O 10. Rb1 Nb4 11. Be3 Nxd3+ 12. cxd3 Qa6 13. O-O e6 14. Kh1 b5 15.
a3 Qb7 16. b4 Bd7 17. Bd4 Rfc8 18. Nd1 Be8 19. Qb2 Qe7 20. Ne3 h5 21. h3 Rc7
22. Rbc1 Rac8 1/2-1/2

[Event "N�-LL 2005/06"]
[Site "?"]
[Date "2006.01.22"]
[Round "9"]
[White "Zojer, Thomas"]
[Black "Ebner, Johann"]
[Result "1-0"]
[WhiteElo "2044"]
[BlackElo "2030"]
[Annotator "Bad V�slau/Kottingbrunn : Korneuburg"]
[PlyCount "95"]
[EventDate "2005.09.27"]
[SourceDate "2006.01.26"]

1. d4 Nf6 2. Nf3 d6 3. c4 g6 4. Nc3 Bg7 5. e4 O-O 6. Be2 e5 7. O-O Na6 8. Be3
Ng4 9. Bg5 f6 10. Bc1 f5 11. d5 Nf6 12. Nd2 Bh6 13. Qc2 Nb4 14. Qb1 a5 15. a3
Na6 16. b4 b6 17. Re1 Bd7 18. c5 bxc5 19. Bxa6 Rxa6 20. bxc5 dxc5 21. Nc4 Bxc1
22. Qxc1 fxe4 23. Nxe5 Bf5 24. Nc6 Qe8 25. Qg5 Kg7 26. f3 Nxd5 27. Nxd5 Rxc6
28. fxe4 Bxe4 29. Qh4 Bxd5 30. Rxe8 Rxe8 31. Re1 Rxe1+ 32. Qxe1 c4 33. Qe7+ Bf7
34. Qe5+ Kg8 35. Qxa5 Rb6 36. Qc5 Rb3 37. a4 c3 38. Qxc7 Ra3 39. a5 Ra1+ 40.
Kf2 Ra2+ 41. Ke3 c2 42. Kd2 Ra4 43. Qd8+ Kg7 44. Kxc2 Ra2+ 45. Kd3 Rxg2 46.
Qd4+ Kf8 47. a6 Ra2 48. a7 1-0

[Event "N�-LL 2005/06"]
[Site "?"]
[Date "2006.01.22"]
[Round "9"]
[White "Hirsch, Andreas"]
[Black "Brehovsky, Paul"]
[Result "1/2-1/2"]
[WhiteElo "2003"]
[BlackElo "2025"]
[Annotator "Bad V�slau/Kottingbrunn : Korneuburg"]
[PlyCount "94"]
[EventDate "2005.09.27"]
[SourceDate "2006.01.26"]

1. e4 e6 2. d4 d5 3. Nc3 Nf6 4. e5 Nfd7 5. a3 c5 6. f4 cxd4 7. Nb5 Nc6 8. Nf3
Qb6 9. Nbxd4 a6 10. c3 Be7 11. Bd3 O-O 12. O-O f6 13. Kh1 Nc5 14. Bb1 f5 15.
Nxc6 bxc6 16. Qd4 Qb5 17. Qf2 Ne4 18. Bxe4 fxe4 19. Nd4 Qb7 20. b4 c5 21. Nb3
cxb4 22. axb4 Bd7 23. Be3 Bb5 24. Rfc1 Rac8 25. Bc5 Bxc5 26. Nxc5 Qb6 27. g3
Rc6 28. Qd4 Qc7 29. Ra5 Qf7 30. Ra2 Qh5 31. Rf2 Be2 32. Ra1 Bf3+ 33. Kg1 g5 34.
fxg5 Qxg5 35. Nd7 Rf7 36. Nf6+ Kg7 37. Rxf3 exf3 38. Rf1 Rc4 39. Qd3 Qg6 40.
Qxf3 Kf8 41. Qe3 Rc6 42. Qd4 h5 43. b5 axb5 44. Qb4+ Kg7 45. Qxb5 Rxc3 46. Qe8
Rxg3+ 47. hxg3 Qxg3+ 1/2-1/2

[Event "N�-LL 2005/06"]
[Site "?"]
[Date "2006.01.22"]
[Round "9"]
[White "Svetits, Rene"]
[Black "Stanivukovic, Dragan"]
[Result "1-0"]
[WhiteElo "2046"]
[BlackElo "2080"]
[Annotator "Bad V�slau/Kottingbrunn : Korneuburg"]
[PlyCount "107"]
[EventDate "2005.09.27"]
[SourceDate "2006.01.27"]

1. e4 c5 2. Nf3 d6 3. d4 cxd4 4. Nxd4 Nf6 5. Nc3 g6 6. Be2 Bg7 7. Be3 a6 8. a4
O-O 9. O-O Nc6 10. f3 Bd7 11. Qd2 Rc8 12. Kh1 Ne5 13. Rfd1 Qc7 14. Ra3 Rfe8 15.
Rb3 Nc6 16. Nxc6 Bxc6 17. Bb6 Qd7 18. a5 Qe6 19. Rb4 Nd7 20. Bc4 Qe5 21. Bd5
Nxb6 22. Rxb6 Bxd5 23. exd5 Rc7 24. Re1 Qh5 25. Ne4 Rec8 26. c3 f5 27. Ng3 Qh4
28. Rb4 Qf6 29. Re6 Qf8 30. Qe2 Bf6 31. Nf1 Rd7 32. Rc4 Rxc4 33. Qxc4 Qd8 34.
Qb4 Qc8 35. Ne3 Rc7 36. g4 fxg4 37. Nxg4 Bg5 38. Qe4 Kf7 39. Ne3 Rc5 40. f4 Bf6
41. Ng4 Qd7 42. Nxf6 exf6 43. Qd4 Qd8 44. b4 Rb5 45. Kg2 f5 46. Kh3 b6 47. Kg3
bxa5 48. Qa7+ Kg8 49. Qxa6 Rb6 50. Qxa5 g5 51. Qa7 gxf4+ 52. Kf3 Qc8 53. Qxb6
Qxc3+ 54. Kxf4 1-0

[Event "N�-LL 2005/06"]
[Site "?"]
[Date "2006.01.22"]
[Round "9"]
[White "Geismann, Bernhard"]
[Black "Volkmann, Friedrich"]
[Result "0-1"]
[WhiteElo "2027"]
[BlackElo "2416"]
[Annotator "Baden : Wr.Neustadt"]
[PlyCount "88"]
[EventDate "2006.??.??"]

1. Nc3 d5 2. e3 e5 3. Qh5 Nc6 4. Bb5 Qd6 5. d4 exd4 6. exd4 Nf6 7. Qe5+ Be6 8.
Bf4 O-O-O 9. Bxc6 bxc6 10. Qxd6 cxd6 11. Nge2 g6 12. f3 Bg7 13. O-O-O Kc7 14.
Na4 Bc8 15. Ng3 Nd7 16. Rhe1 Rde8 17. c3 h5 18. Kd2 h4 19. Nh1 Re6 20. Nf2 Nf8
21. Nc5 Rf6 22. Ncd3 Ne6 23. Be3 g5 24. Ng4 Rg6 25. h3 f5 26. Nh2 a5 27. Kc2
Ba6 28. Nf1 Kd7 29. Nd2 Re8 30. b3 Bf6 31. b4 Bxd3+ 32. Kxd3 axb4 33. cxb4 Ra8
34. Ra1 f4 35. Bf2 Ra3+ 36. Nb3 Rg8 37. Kc2 Rga8 38. Kb2 c5 39. bxc5 dxc5 40.
Rxe6 Kxe6 41. Nxc5+ Kd6 42. Nb3 R3a4 43. a3 Re8 44. Ra2 Rb8 0-1